000 01249cam a2200229 4500
001 WB3936-25
008 030923n2003 000 0 eng u
035 _a(Sirsi) u123694
245 _aRural property valuation paper published
260 _c2003
490 _aRICS Rural Faculty News
_v23 September 2003 (1)
520 _aRICS Books has published "Rural property valuation: Valuation Information Paper No.5", which provides supplementary information for members carrying out the valuation of rural property in accordance with the "Red book. It has been written in the context of UK law and practice but the matters covered may be relevant for other states. All references to Practice Statements (PS) or appendices are to the fifth edition of the "Red book". It is available free to subscribers to the "red book". £20. ISBN 1842191470. http://www.rics.org/ricscms/bin/show?class=News&template=/includes/shownews.html&id=7061&faculty=Rural&faculty=All%20Faculties
590 _aWB
650 _aRURAL PROPERTY
650 _aRURAL AREAS
650 _aAGRICULTURAL PRODUCTION
650 _aRURAL LEISURE
650 _aRURAL DWELLINGS
650 _aRURAL BUSINESSES
690 _aPROPERTY-PROPERTY APPRAISAL AND VALUATION
942 _n0
999 _c73438
_d73438